| 000 | 00455nam a22001937a 4500 | ||
|---|---|---|---|
| 005 | 20251108170648.0 | ||
| 008 | 250721s1962 xx 000 0 eng d | ||
| 082 | 1 | 4 | _a973/R |
| 100 | 1 | _aRossiter, Clinton | |
| 245 | 1 | 0 | _aParties and Politics in America / |
| 264 |
_bVail - Ballon Press Inc, _c1962. |
||
| 300 | _a205p | ||
| 650 | 1 | 7 | _aUSA |
| 650 | 1 | 7 | _aHistory |
| 650 | 1 | 7 | _aPolitics |
| 650 | 1 | 7 | _aGovernment |
| 942 |
_2ddc _cBK |
||
| 999 |
_c45993 _d45993 |
||